[Event "Benalmadena Rapid op 1st"]
[Site "Benalmadena"]
[Date "2023.02.26"]
[Round "6"]
[White "Molina Souponitskaia, Alexander"]
[Black "Terron Elena, Francisco Miguel"]
[Result "0-1"]
[WhiteElo "1892"]
[BlackElo "2168"]
[PlyCount "104"]
[EventDate "2023.02.25"]
[EventType "swiss (rapid)"]
[EventRounds "9"]
[EventCountry "ESP"]
[SourceTitle "CBM 212 Extra"]
[Source "ChessBase"]
[SourceDate "2023.03.31"]
[SourceVersion "1"]
[SourceVersionDate "2023.03.31"]
[SourceQuality "1"]

1. e4 e5 2. Bc4 Nf6 3. Qe2 Nc6 4. Nf3 h6 5. c3 d6 6. h3 g6 7. d3 Bg7 8. Nbd2 0-0 9. Nf1 d5 10. Bb3 Be6 11. g4 dxe4 12. dxe4 Bxb3 13. axb3 Qd6 14. Ng3 a5 15. g5 hxg5 16. Bxg5 Qe6 17. Qc2 Nd7 18. h4 Nc5 19. Ra3 b5 20. h5 b4 21. cxb4 Nxb4 22. Qc3 Ncd3+ 23. Kf1 Qg4 24. Kg2 Nf4+ 25. Bxf4 exf4 26. Nh2 Qe6 27. Qf3 fxg3 28. Ng4 f5 29. exf5 Qxf5 30. Qxg3 Qe4+ 31. f3 Qe2+ 32. Nf2 Nd3 33. h6 Nxf2 34. Qxf2 Qxf2+ 35. Kxf2 Bxb2 36. Ra4 c5 37. Rg4 Bd4+ 38. Kg2 Kh7 39. Re4 Rf7 40. Rhh4 Raf8 41. f4 Rb8 42. Rh3 Rfb7 43. Re6 Rxb3 44. Re7+ Kh8 45. Rh1 Re3 46. Rxe3 Bxe3 47. Kf3 Bd4 48. Re1 a4 49. Kg4 a3 50. Kg5 a2 51. f5 gxf5 52. Kg6 a1Q 0-1

[Event "Malaga op 16th"]
[Site "Malaga"]
[Date "2022.10.31"]
[Round "8"]
[White "Valero Fuertes, Carlos"]
[Black "Molina Souponitskaia, Alexander"]
[Result "1/2-1/2"]
[WhiteElo "2052"]
[BlackElo "1741"]
[PlyCount "76"]
[EventDate "2022.10.27"]
[EventType "swiss"]
[EventRounds "9"]
[EventCountry "ESP"]
[SourceTitle "EXT 2024"]
[Source "ChessBase"]
[SourceDate "2023.10.10"]
[SourceVersion "1"]
[SourceVersionDate "2023.10.10"]
[SourceQuality "1"]

1. d4 Nf6 2. Nf3 b6 3. g3 Bb7 4. Bg2 e6 5. c4 g6 6. Nc3 Bg7 7. 0-0 Ne4 8. Qc2 Nxc3 9. Qxc3 d6 10. Bg5 Qc8 11. Rad1 h6 12. Bc1 Nd7 13. Qd3 Nf6 14. b3 Be4 15. Qd2 0-0 16. Bb2 Qa6 17. a4 c5 18. dxc5 dxc5 19. Ne5 Bxg2 20. Kxg2 Qb7+ 21. Kg1 Rad8 22. Qc2 Nd7 23. Nxd7 Rxd7 24. Rxd7 Qxd7 25. Bxg7 Kxg7 26. Rd1 Qc7 27. Qc3+ Kg8 28. Qf6 Re8 29. h4 h5 30. e4 e5 31. Rd5 Qe7 32. Qxe7 Rxe7 33. a5 Kg7 34. Kf1 Kf6 35. Ke2 Ke6 36. f4 f6 37. Ke3 Kf7 38. a6 Kg8 1/2-1/2

[Event "Malaga op 16th"]
[Site "Malaga"]
[Date "2022.10.27"]
[Round "1"]
[White "Molina Souponitskaia, Alexander"]
[Black "Martin Carmona, Gaston Manuel"]
[Result "0-1"]
[WhiteElo "1741"]
[BlackElo "2335"]
[PlyCount "120"]
[EventDate "2022.10.27"]
[EventType "swiss"]
[EventRounds "9"]
[EventCountry "ESP"]
[SourceTitle "EXT 2024"]
[Source "ChessBase"]
[SourceDate "2023.10.10"]
[SourceVersion "1"]
[SourceVersionDate "2023.10.10"]
[SourceQuality "1"]

1. e4 c6 2. Nf3 d5 3. exd5 Qxd5 4. Nc3 Qa5 5. h3 Nf6 6. Bc4 Bf5 7. d3 e6 8. a3 Nbd7 9. Nh4 Bg6 10. Nxg6 hxg6 11. Bf4 g5 12. Bd2 Qe5+ 13. Qe2 g4 14. h4 Bc5 15. g3 Rh5 16. Bf4 Qxe2+ 17. Nxe2 Ne5 18. Bxe5 Rxe5 19. Kf1 0-0-0 20. c3 Bd6 21. d4 Rh5 22. Kg2 Rdh8 23. Bd3 Kc7 24. Rae1 g6 25. Nc1 b5 26. Be2 a5 27. Nd3 Ra8 28. Ra1 Rh7 29. Rhe1 Rah8 30. Rh1 Rh5 31. Rae1 Rg8 32. f3 gxf3+ 33. Bxf3 Rh7 34. Ne5 g5 35. hxg5 Rxh1 36. Rxh1 Rxg5 37. Nxf7 Rxg3+ 38. Kf2 Rg7 39. Nxd6 Kxd6 40. Rh8 Rc7 41. b3 c5 42. Ke3 cxd4+ 43. Kxd4 e5+ 44. Kd3 Rg7 45. Ke3 Rc7 46. Kd3 Re7 47. Be4 Rg7 48. Rh3 Rg1 49. b4 a4 50. Bf5 Rf1 51. Bg6 Nd5 52. Kc2 Rf2+ 53. Kc1 Nf4 54. Rh6 Nxg6 55. Rxg6+ Kd5 56. Rb6 Kc4 57. Rc6+ Kb3 58. Kd1 Kxa3 59. Rc5 Kb2 60. c4 bxc4 0-1